000 01098nam a2200253Ia 4500
999 _c53672
_d53672
001 20719
003 GE_BSU
005 20221108170502.0
008 181216s2016||||xx |||||||||||||| ||eng||
020 _a9781137522221x
040 _cGE_BSU
041 _aeng
080 _a327 Ch-52
245 _aChina, the European Union, and the International Politics of Global Governance /
_cEdited by Wang, Jianwei ang Weiqing Song.
264 _aNew York :
_bPalgrave macmillan,
_c2016.
300 _a290 p. ;
_c22 cm.
541 _h258 Gel.
653 _aChina, the European Union, and the International Politics of Global Governance
653 _aКитай, Европейский союз и Международная политика глобального управления
653 _aჩინეთი, ევროკავშირი და გლობალური მმართველობის საერთაშორისო პოლიტიკა
700 _aJianwei Wang
_eEdited by
_910382
700 _aSong Weiqing
_eEdited by
_910383
942 _cBK
_2udc